00336nam a22001097a 4500020001900000040000900019082001900028100002400047245005600071260004300127650005600170 a 9780471128069 cNust a572.8933bAU'T aTony J. Beugelsdijk aAutomation Technologies for Genome Characterization aNew York:bWiley- Interscience,c1997. aAutomation Technologies for Genome Characterization